Science Quiz

Random Science or Animation Quiz
Score 0/15 Timer 04:00
0 Plays Today
% Correct
Lion
98.7%
Cheetah
98.3%
Wolf
98%
Zebra
96.6%
Horse
96.4%
Greyhound
96.2%
White Tiger
95.9%
Elephant
94.8%
% Correct
Kangaroo
94.1%
Monkey
93.7%
Ostrich
92.7%
Rhinoceros
90.7%
Meerkat
76.7%
Impala
76.6%
Wildebeest
65.7%
Remove Ads.
Support Sporcle.
Get the best of Sporcle when you Go Orange. This ad-free experience offers more features, more stats, and more fun while also helping to support Sporcle. Thank you for becoming a member.

You're not logged in!

Compare scores with friends on all Sporcle quizzes.
OR
Log In

Sporcle TV

Today on Sporcle TV


Watch our educational content, quiz creation guides, and fun videos on Sporcle TV.

Show Comments

Extras

Top Quizzes Today


Score Distribution

Paid Content

Your Account Isn't Verified!

In order to create a playlist on Sporcle, you need to verify the email address you used during registration. Go to your Sporcle Settings to finish the process.

Report this User

Report this user for behavior that violates our Community Guidelines.

Details: